Normal view
MARC view
Entry Personal Name
001 - CONTROL NUMBER
- control field: 15962
003 - CONTROL NUMBER IDENTIFIER
- control field: OSt
005 - DATE AND TIME OF LATEST TRANSACTION
- control field: 20220324175736.0
008 - FIXED-LENGTH DATA ELEMENTS
- fixed length control field: 220324|| aca||aabn | a|a d
040 ## - CATALOGING SOURCE
- Original cataloging agency: OSt
- Transcribing agency: OSt
100 ## - HEADING--PERSONAL NAME
- Personal name: Gerring, John : Thacker, Strom C
670 ## - SOURCE DATA FOUND
- Source citation: Work cat.: (OSt): Gerring, John : Thacker, Strom C, A centripetal theory o democratic governance
